| 000 | 00722nam a2200241Ia 4500 | ||
|---|---|---|---|
| 005 | 20230427093654.0 | ||
| 008 | 131103s9999 xx 000 0 und d | ||
| 040 | _aLoreto College | ||
| 041 | _aEnglish | ||
| 082 |
_a823.8 _bBRO-GRE |
||
| 245 | 4 |
_aThe Brontes _b A collection of critical essays _cedited by Ian Gregor |
|
| 260 |
_aNew Jersey _bPrentice-Hall _c1970 |
||
| 300 | _avii,179p | ||
| 440 | _aTwentieth century views | ||
| 504 | _aIncludes bibliographical references | ||
| 630 | _aBronte,Emily(1818-1848) | ||
| 630 | _aBrontes-Criticism and interpretation | ||
| 650 | _aBronte,Anne(1820-1849) | ||
| 651 | _aBronte,Charlotte(1816-1855) | ||
| 700 | _aGregor,Ian;ed. | ||
| 850 | _aLCLIB | ||
| 942 | _cBK | ||
| 999 |
_c17113 _d67592 |
||